Information technology for management: Transforming organizations in the digital economy
A practical, managerial-oriented approach that shows how IT is used in organizations to improve quality and productivity. Case studies highlight new technology and applications, including fuzzy logic, neural computing, and hypermedia. Contains a variety of cases that emphasize problems many corporat...
Сохранить в:
| Главный автор: | |
|---|---|
| Формат: | |
| Язык: | Undetermined |
| Опубликовано: |
Hoboken
Wiley
2004
|
| Предметы: | |
| Метки: |
Добавить метку
Нет меток, Требуется 1-ая метка записи!
|
| Thư viện lưu trữ: | Trung tâm Học liệu Trường Đại học Cần Thơ |
|---|
| LEADER | 01078nam a2200217Ia 4500 | ||
|---|---|---|---|
| 001 | CTU_115837 | ||
| 008 | 210402s9999 xx 000 0 und d | ||
| 020 | |c 145.14 | ||
| 082 | |a 658.4038 | ||
| 082 | |b T931 | ||
| 100 | |a Turban, Efraim | ||
| 245 | 0 | |a Information technology for management: | |
| 245 | 0 | |b Transforming organizations in the digital economy | |
| 245 | 0 | |c Efraim Turban, Ephraim McLean, James Wetherbe ; with contributions by Dorothy Leidner ... [et al.]. | |
| 260 | |a Hoboken | ||
| 260 | |b Wiley | ||
| 260 | |c 2004 | ||
| 520 | |a A practical, managerial-oriented approach that shows how IT is used in organizations to improve quality and productivity. Case studies highlight new technology and applications, including fuzzy logic, neural computing, and hypermedia. Contains a variety of cases that emphasize problems many corporations encounter. Features international cases, illustrating how IT can be adapted to other cultures . | ||
| 650 | |a management information systems. | ||
| 904 | |i M.Loan | ||
| 980 | |a Trung tâm Học liệu Trường Đại học Cần Thơ | ||